书目信息 |
| 题名: |
包装结构设计
|
|
| 作者: | 孙诚 | |
| 分册: | ||
| 出版信息: | 中国轻工业出版社 1997. 1 |
|
| 页数: | 491页 | |
| 开本: | 32开 | |
| 丛书名: | ||
| 单 册: | ||
| 中图分类: | TB482.2 | |
| 科图分类: | ||
| 主题词: | 包装 , 包装--工程技术 | |
| 电子资源: | ||
| ISBN: | 978-7-5670-1283-7 | |
| 000 | 00549nam0 2200205 45 | |
| 001 | 0308271063 | |
| 005 | 20030827105718.8 | |
| 010 | @a978-7-5670-1283-7@dRMB25.00 | |
| 100 | @a20030827d1997 km y0chiy0120 ea | |
| 101 | @achi | |
| 105 | @a z 000yy | |
| 200 | 1 | @a包装结构设计@Abao zhuang jie gou she ji@f孙诚等@Fsun cheng deng |
| 210 | @c中国轻工业出版社@d1997. 1 | |
| 215 | @a491页@c无图表@d32开 | |
| 606 | 0 | @a包装 |
| 606 | 0 | @a包装@x工程技术 |
| 690 | @aTB482.2@v3 | |
| 701 | 0 | @a孙诚 |
| 801 | @aCN@b@c20030827 | |
| 905 | @aBZT@dTB482.2@e13 | |
| 包装结构设计/孙诚等.-中国轻工业出版社,1997. 1 |
| 491页:无图表;32开 |
| ISBN 978-7-5670-1283-7:RMB25.00 |
| ● |
| 相关链接 |
|
|
|
正题名:包装结构设计
索取号:TB482.2/13
 
预约/预借
| 序号 | 登录号 | 条形码 | 馆藏地/架位号 | 状态 | 备注 |
| 1 | 75024 | 200048625 | 中心书库中库/ 中库030架B面3列7层35/ [索取号:TB482.2/13] | 在馆 | |
| 2 | 75025 | 200048643 | 中心书库中库/ 中库030架B面3列7层36/ [索取号:TB482.2/13] | 在馆 |